| 000 | 00419nam a2200169Ia 4500 | ||
|---|---|---|---|
| 008 | 230524s9999 xx 000 0 und d | ||
| 020 | _a8175441402 | ||
| 082 |
_a540 _bBHA |
||
| 100 | _aM.S.Bhatnagar | ||
| 245 | 2 | _aA Text Book of Pure & Applied Physical Chemistry | |
| 250 | _a1ST | ||
| 260 |
_aNEW DELHI _bWheeler _c1999 |
||
| 300 | _aXVI;904 | ||
| 500 | _aQuantity Number: 4 | ||
| 650 | _aChemistry | ||
| 942 | _cBK | ||
| 999 |
_c1443 _d1443 |
||